Welcome! English for the travel and tourism industry : student's book cassette set : cassette 2 /

Сохранить в:
Библиографические подробности
Главный автор: Jones, Leo.
Формат: Аудиозапись
Язык:English
Опубликовано: Cambridge, U.K ; Melbourne, Vic. : Cambridge University Press, 1998.
Предметы:
Метки: Добавить метку
Нет меток, Требуется 1-ая метка записи!
Thư viện lưu trữ: Mạng thư viện Đại học Đà Nẵng
LEADER 01114cim a2200361 i 4500
001 000049940
003 10116
005 20030318113227.0
008 010426|1998 vm 000 eng
020 |a 0521479029 
040 |a IRC  |c IRC  |d IRC 
041 0 |a eng 
082 1 4 |a 428.2402491  |b JO-L 
100 1 |a Jones, Leo. 
245 0 0 |a Welcome!  |h [Cassette-Băng cát-xét] :  |b English for the travel and tourism industry : student's book cassette set :  |n cassette 2 /  |c Leo Jones. 
260 |a Cambridge, U.K ; Melbourne, Vic. :  |b Cambridge University Press,  |c 1998. 
300 |a 1 audio cassette (69 mins approx.) 
630 0 4 |a English language. 
630 0 4 |a Tourism. 
630 0 4 |a Language. 
650 0 4 |a English language  |x Study and teaching  |x Foreign speakers. 
650 0 4 |a Tourism  |x Language. 
650 0 4 |a English language  |v Sound recordings for foreign speakers. 
OWN |a DUT 
999 |a From the UDN01 
TYP |a Sound recording 
TYP |a Monograph 
980 |a Mạng thư viện Đại học Đà Nẵng